German, Dutch or Frisian toponyms - Statistics

General Stats
  • This quiz has been taken 29 times
    28 since last reset
  • The average score is 14 of 20
Answer Stats
Question Answer % Correct
Rozendaal Dutch
100%
Andijk Dutch
100%
Sassenburg German
100%
Wassenaar Dutch
88%
Hylpen Frisian
88%
Lauwerseach Frisian
88%
Albstadt German
88%
Traunreut German
88%
Salzwedel German
88%
Gilze Dutch
75%
Snits Frisian
75%
Gytsjerk Frisian
75%
Cottbus German
75%
Starum Frisian
63%
Lemgo German
63%
Gersfeld German
50%
Lochem Dutch
38%
Bergh Dutch
38%
Bathmen Dutch
25%
Hüsem Frisian
13%
No matching quizzes found
Score Distribution
Percent of People with Each Score
Percentile by Number Answered
Your Score History
You have not taken this quiz since the last reset